Music Quiz

Random Music or Lyrics Quiz
Score 0/219 Timer 06:00
0 Plays Today
% Correct
the
93.8%
a
93.8%
the
93.8%
a
93.8%
the
93.8%
the
93.8%
the
93.8%
a
93.8%
and
93.8%
the
93.8%
a
93.8%
the
93.8%
the
93.8%
the
93.8%
a
93.8%
the
93.8%
a
93.8%
the
93.8%
the
93.8%
the
93.8%
a
93.8%
and
93.8%
and
93.8%
The
93.8%
the
93.8%
the
93.8%
the
93.8%
a
93.8%
the
93.8%
a
93.8%
the
93.8%
the
93.8%
the
93.8%
a
93.8%
you
91.4%
you
91.4%
you
91.4%
you
91.4%
you
91.4%
you
91.4%
you
91.4%
you
91.4%
you
91.4%
is
80.5%
is
80.5%
Is
80.5%
is
80.5%
is
80.5%
is
80.5%
is
80.5%
me?
79.7%
It
77.3%
be
77.3%
in
77.3%
be
77.3%
in
77.3%
be
77.3%
It
77.3%
be
77.3%
It
77.3%
be
77.3%
to
73.4%
to
73.4%
to
73.4%
to
73.4%
to
73.4%
of
72.7%
of
72.7%
of
72.7%
your
72.7%
of
72.7%
of
72.7%
of
72.7%
% Correct
of
72.7%
your
72.7%
of
72.7%
your
72.7%
of
72.7%
of
72.7%
of
72.7%
of
72.7%
of
72.7%
your
72.7%
of
72.7%
Do
71.1%
When
71.1%
When
71.1%
Do
71.1%
When
71.1%
When
71.1%
Do
71.1%
When
71.1%
When
71.1%
Who
70.3%
Who
70.3%
Who
70.3%
Who
70.3%
So
68%
can
66.4%
not
65.6%
not
65.6%
not
65.6%
hear
64.8%
will
64.8%
Will
64.8%
will
64.8%
will
64.8%
hear
64.8%
will
64.8%
Will
64.8%
will
64.8%
will
64.8%
Will
64.8%
will
64.8%
hear
64.8%
will
64.8%
people
60.9%
people
60.9%
people
60.9%
people
60.9%
people
60.9%
people
60.9%
sing?
60.2%
There
60.2%
there
60.2%
sing?
60.2%
There
60.2%
sing?
60.2%
There
60.2%
song
58.6%
with
58.6%
song
58.6%
song
58.6%
Singing
57.8%
see?
57.8%
Singing
57.8%
Singing
57.8%
men?
57%
heart
57%
our
57%
men?
57%
heart
57%
our
57%
men?
57%
heart
57%
again!
56.3%
% Correct
that
56.3%
again!
56.3%
that
56.3%
again!
56.3%
angry
55.5%
music
55.5%
angry
55.5%
music
55.5%
angry
55.5%
music
55.5%
beating
53.9%
beating
53.9%
beating
53.9%
beating
53.9%
beating
53.9%
beating
53.9%
start
53.1%
start
53.1%
all
53.1%
start
53.1%
slaves
52.3%
drums
52.3%
slaves
52.3%
drums
52.3%
slaves
52.3%
drums
52.3%
life
51.6%
join
51.6%
join
51.6%
life
51.6%
life
51.6%
about
50.8%
comes!
50.8%
stand
50.8%
about
50.8%
comes!
50.8%
stand
50.8%
about
50.8%
comes!
50.8%
tomorrow
50%
Then
50%
tomorrow
50%
tomorrow
50%
crusade?
49.2%
fight
49.2%
give
49.2%
give
49.2%
give
49.2%
Some
49.2%
some
49.2%
world
48.4%
Echoes
47.7%
Echoes
47.7%
up
47.7%
Echoes
47.7%
strong
46.9%
right
46.9%
Beyond
46.1%
barricade
46.1%
long
46.1%
free!
46.1%
live
45.3%
take
45.3%
fall
42.2%
banner
39.1%
may
39.1%
chance?
39.1%
blood
39.1%
France!
39.1%
advance?
38.3%
water
37.5%
martyrs
35.9%
meadows
34.4%

You're not logged in!

Compare scores with friends on all Sporcle quizzes.
OR
Log In

Sporcle TV

Today on Sporcle TV


Watch our educational content, quiz creation guides, and fun videos on Sporcle TV.

Show Comments

Extras

Top Quizzes Today


Score Distribution

Paid Content

Your Account Isn't Verified!

In order to create a playlist on Sporcle, you need to verify the email address you used during registration. Go to your Sporcle Settings to finish the process.

Report this User

Report this user for behavior that violates our Community Guidelines.

Details: